Score 0/20 Timer 02:30
0 Plays Today
Question Answer Wrong Answers
Late Night With David ___ Letterman
95.6%
Postman
0.5%
Jock
0.2%
Parcell
0.5%
The Bold and the ___ Beautiful
93.1%
Rude
0.4%
Gold
1%
Old
2.4%
___ and Stitch: The Series Lilo
92.9%
Lulu
0.8%
Lola
1.5%
Lili
2%
Whose ___ Is It Anyway? Line
92.5%
Hand
0.8%
Head
0.7%
Voice
3.1%
The ___ and the Restless Young
91.1%
Nestless
0.9%
Sleepy
0.9%
Bold
4.2%
Star Trek: ___ Space Nine Deep
90.3%
Cold
0.7%
Dark
4.2%
Alien
1.6%
A ___ of Unfortunate Events Series
89.7%
Notebook
0.6%
Timeline
2.1%
History
4.4%
Tales from the ___ Story Neverending
87.3%
Unlimited
1.8%
Borderless
1.4%
Timeless
6.3%
Legends of the Hidden ___ Temple
83.5%
Agenda
4.4%
Legacy
5.1%
Power
3.7%
Comedians in Cars Getting ___ Coffee
79.5%
Pizza
8.6%
Started
6.9%
Better
1.9%
The ___ in the Hall Kids
77.8%
Teachers
6.4%
Monitors
8.2%
Justice
4.5%
The ___ of Rosie O'Neill Trials
73.9%
Husbands
9.8%
Dogs
2.9%
Children
10.2%
___ Ghost Coast to Coast Space
63.4%
Sea
18%
Ocean
12.1%
Sand
3%
Inside the World’s ___ Prisons Toughest
61.4%
Loveliest
0.4%
Deadliest
32.7%
Largest
2.6%
Bill Nye Saves the ___ World
60.9%
Day
32.9%
Whales
1.8%
Bees
1.4%
The ___ World of Gumball Amazing
60.3%
Fascinating
17.1%
Pink
1.6%
Fantastic
17.7%
Real ___ With Bill Maher Time
60.1%
Madrid
1%
Size
0.7%
Life
35.2%
True and the ___ Kingdom Rainbow
44.6%
Cloud
16.4%
Sunshine
31.8%
Smoke
3.7%
___: The Million Dollar Game Awake
33%
Hungry
28.9%
Muted
9%
Broken
25.5%
___: The Beginning of Everything Z
23.2%
A
51.5%
X
18.6%
Y
3.2%
Remove Ads.
Support Sporcle.
Get the best of Sporcle when you Go Orange. This ad-free experience offers more features, more stats, and more fun while also helping to support Sporcle. Thank you for becoming a member.

You're not logged in!

Compare scores with friends on all Sporcle quizzes.
OR
Log In

Show Comments

Extras

Top Quizzes Today


Score Distribution

Your Account Isn't Verified!

In order to create a playlist on Sporcle, you need to verify the email address you used during registration. Go to your Sporcle Settings to finish the process.

Report this User

Report this user for behavior that violates our Community Guidelines.

Details: